00438nam a2200181Ia 4500008004000000020001800040041000800058082001600066100002300082245004200105260004300147300000800190650000700198650001500205650001500220650001300235650000800248210210b2012 xxu||||| |||| 00| 0 eng d a9789350320143 aeng a380.03 JAND aJANI (Jyotindra M) aDictionary of commerce and management aJaipurbShree Niwas Publicationsc2012 a471 aof amanagement aDictionary acommerce aand